| 000 | 01112nam a22002897a 4500 | ||
|---|---|---|---|
| 001 | 8634 | ||
| 003 | FISKH | ||
| 005 | 20251007110454.0 | ||
| 008 | 251007b cb ||||| |||| 00| 0 eng d | ||
| 020 | _a9789995001001 | ||
| 040 |
_aFISKH _bkhr _cFISKH _dFISKH |
||
| 050 | _aPZ7 | ||
| 082 | _a895.966 | ||
| 100 | _aSotheary , Kimsun | ||
| 245 |
_aសុវណ្ណវង្ស : _bSovann Vong / _cរៀបរៀងដោយ អ្នកស្រី គឹមស៊ុន សុធារី , ពិនិត្យអក្ខរាវិរុទ្ធ អ្នកនាង វ៉ាត ចរិយា |
||
| 260 |
_aPhnom Penh : _bReading Books , _c2009. |
||
| 300 |
_a36 pages : _bcolor illustrations ; _c25 cm . |
||
| 490 | _aពិភពរឿងនិទាន | ||
| 505 | _aP | ||
| 521 | 8 |
_a650
_bLexile estimate |
|
| 521 | 8 |
_aP
_bRaz-Plus |
|
| 650 |
_aសុវណ្ណវង្ស _vអក្សរសិល្ប៏ខ្មែរ |
||
| 650 |
_aSovann Vong _vKhmer Literature |
||
| 700 |
_aSan, Thai _eIllustrator |
||
| 942 |
_2ddc _cKHB _n0 |
||
| 999 |
_c8634 _d8634 |
||